000 00332nam a2200133Ia 4500
008 210312s9999||||xx |||||||||||||| ||und||
041 _aosm
050 _aD17
050 _bM38
100 _aMehmed Ramazanzade
245 0 _aTarih-i Nişancı Mehmed Paşa
260 _c1290
650 _aTarih--Türkiye--Osmanlı devleti--1453-1683
999 _c21991
_d21991